000 00252nam a2200109 a 4500
005 20140414093827.0
008 030526s19uu xx 00 eng d
050 _aVHS 100
_bR 01
245 _aEmotional intelligence.
942 _cAVM
999 _c108477
_d108477